Fundamentos de cinética química

Bibliographic Details
Main Author: Logan, S. R.
Format: Section = Libro
Language:Undetermined
Spanish
Published: España Addison/Wesley 2000
Subjects:
LEADER 00573nam a2200217Ia 4500
008 240829s9999 xx 000 0 und d
020 |a 84-7829-030-3 
040 |a BIBLIOTECA-RUSB/ 541.394 L848 
041 |a spa 
082 |a 541.394 L848 
100 1 |a Logan, S. R. 
245 1 0 |a Fundamentos de cinética química 
260 |a España  |b Addison/Wesley  |c 2000 
300 |a 272 p. :il. 
650 7 |a CINETICA DE LAS REACCIONES 
650 7 |b  REACCIONES BIMOLECULARES 
650 7 |c  CATALIS 
650 7 |d  DINAMICA MOLECULAR 
942 |c BK  |2 ddc 
991 |a TEXTO 
999 |c 2405